Best Actress Oscar Winners by Photo (1979-1960) - Statistics

General Stats
  • This quiz has been taken 456 times
  • The average score is 12 of 17
Answer Stats
Picture Hint Answer % Correct
1978/1971 Coming Home/Klute Jane Fonda
93%
1972 Cabaret Liza Minnelli
92%
1964 Mary Poppins Julie Andrews
91%
Tie 1968/1967 The Lion in Winter/Guess Who's Coming to Dinner? Katharine Hepburn
91%
1966/1960 Who's Afraid of Virginia Woolf?/Butterfield 8 Elizabeth Taylor
89%
Tie 1968 Funny Girl Barbra Streisand
88%
1977 Annie Hall Diane Keaton
87%
1979 Norma Rae Sally Field
85%
1961 Two Women Sophia Loren
82%
1969 The Prime of Miss Jean Brodie Maggie Smith
79%
1976 Network Faye Dunaway
63%
1973/1970 A Touch of Class/Women in Love Glenda Jackson
51%
1975 One Flew Over The Cuckoo's Nest Louise Fletcher
48%
1974 Alice Doesn't Live Here Anymore Ellen Burstyn
46%
1965 Darling Julie Christie
44%
1962 The Miracle Worker Anne Bancroft
39%
1963 Hud Patricia Neal
33%
No matching quizzes found
Score Distribution
Percent of People with Each Score
Percentile by Number Answered
Your Score History
You have not taken this quiz